Finish the Movie Quotes - Statistics

General Stats
  • This quiz has been taken 927 times
  • The average score is 10 of 15
Answer Stats
Hint Answer % Correct
Bond. James Bond.
95%
I'll have what she's having.
91%
Go ahead. Make my day.
90%
Houston, we have a problem.
90%
I'm gonna make him an offer he can't refuse.
89%
You're gonna need a bigger boat.
86%
I love the smell of napalm in the morning.
83%
You can't handle the truth.
83%
Nobody puts Baby in the corner.
74%
There's no crying in baseball!
71%
May the schwartz be with you.
70%
That rug really tied the room together.
52%
What we've got here is failure to communicate.
33%
How'd you get the beans above the Frank?
8%
Please get out of my Van Halen t-shirt before you jinx the band and they break up.
6%
No matching quizzes found
Score Distribution
Percent of People with Each Score
Percentile by Number Answered
Your Score History
You have not taken this quiz